Statistiques concernant Culture Générale - Série 1042

Cliquez ici pour prendre le quiz!

Statistiques générales

  • Ce quiz a été pris 75 fois
  • Le résultat moyen est 7 sur 10

Statistiques - réponses

QuestionRéponse% Correct
Selon l'expression, pour exprimer son admiration ou rendre hommage à quelqu'un, on lui "tire son...chapeau
99%
Avec le poids et le disque, quelle est la troisième discipline de lancer du décathlon ?javelot
94%
Quelle île de la Charente-Maritime est reliée au continent par un pont, depuis 1988 ?île de Ré
92%
Complétez le proverbe : "Il ne faut pas dire : Fontaine, je ne boirai pas...de ton eau
86%
Avec l'eau, quel est l'autre composant essentiel de l'hydromel ?miel
73%
Quel lac de Russie, gelé six mois par an, constitue le principal foyer paléolithique et mésolithique de Sibérie ?lac Baïkal
63%
Selon la Bible,qui est mort à 969 ans ?Mathusalem
63%
En 1964, aux J.O. de Tokyo, quelle nageuse française, prénommée Christine, est médaillée d'argent sur 100 m dos ?Christine Caron
46%
Quel mot anglais, signifiant "échantillon", désigne un extrait musical retravaillé sur ordinateur pour être incorporé à une nouvelle composition ?sample
37%
Dans la mythologie grecque, le dieu du ciel s'appelle Ouranos, quel nom porte-t-il dans la mythologie romaine ?Uranus
20%

Distribution des résultats

Percentile par nombre de réponses

% des personnes avec chaque résultat

Votre développement - résultats

Vous n’avez pas pris ce quiz